Načítá se...

Salt doll /

Podrobná bibliografie
Hlavní autor: Shouri Daniels
Médium: Printed Book
Jazyk:English
Vydáno: Vikas, 1978.
Témata:
LEADER 00455nam a2200145Ia 4500
008 150623b xxu||||| |||| 00| 1 eng d
082 |a IN823.912S3 
100 |a Shouri Daniels 
245 |a Salt doll /  |c Shouri Daniels 
260 |b Vikas,  |c 1978. 
300 |a 191 p. 
650 |v Fiction 
942 |c BK 
999 |c 25550  |d 25550 
952 |0 0  |1 0  |4 0  |6 IN_823_000000000000000_912S3_SAL  |7 0  |9 25549  |a UL  |b UL  |c ST2  |d 1998-09-01  |l 0  |o IN823.912S3 SAL  |p 36911  |r 2012-10-27  |w 2012-10-27  |y BK